000 00967nem0a2200265 4500
001 RU\NLR\BIBL_A\010957930
005 20250624203932.0
035 _a(NLR Aleph) 010957930
090 _a10793153
_c10793153
100 _a20160127d1929 |||y0rusy50 ca
101 0 _arus
102 _aRU
120 _abyy xx||
123 1 _aa
_b25000
200 1 _aПлан города Астрахани в новой городской черте в 1928 г.
_bКарты
_fСост. землемер Суханов в 1929 г.
206 _a1:25 000, 250 м в 1 см
210 _a[Астрахань],
_d1929
_eТипо-лит. Астполиграфа
215 _a1 к
_cцв., ил.
_d73х109 см
509 0 1 _7ca
_aАстрахань,
_hгород
_92633242
_3RU\NLR\auth_crt\5558
606 1 _aПланы
_92178579
_3RU\NLR\auth_atl16\662
702 1 _aСуханов
_4180
852 _aNLR
_bК
_j4-План 4/12
_m2036
_t2037
942 _cMAP
980 _aNB